000
00308nam a2200133Ia 4500
008
231129s1970||||xx |||||||||||||| ||spa||
040
_b
spa
082
_a
923.14 H121
100
_a
Hackett Francis
245
0
_a
Enrique VIII y sus seis mujeres
260
_c
1970
264
_a
Juventud
942
_2
ddc
_c
BKS
999
_c
13095
_d
13095